000 01228naa a22003377a 4500
001 BR8205974
003 BR-BrBNA
005 20240918175209.0
007 ta
008 230509b bl.||||| |||| 00| 0 por d
040 _aBR-BrBNA
_bpor
_cBiblioteca Nacional de Agricultura
041 _a(Pt)
072 _aF60; F30; F10
_b0175
090 _aF60 BR8205974
100 1 _aWendt, W.
100 1 _aBaier, A.C.
111 1 _a12. Reuniao Nacional de Pesquisa de Trigo
_cCascavel, PR (Brazil)
_d19-23 Jul 1982
245 1 _aCaracterizacao bioclimatica de alguns genotipos de triticale [Triticale hexaploide]
260 3 _aPasso Fundo, RS (Brasil):
_c1982.
500 _aResultados de pesquisa apresentados na 12. Reuniao Nacional de Pesquisa de Trigo Passo Fundo, RS (Brasil): 1982. p. 306-313 (BR8205974-AM)F60
650 _aTRITICALE
650 _aGENOTIPO
650 _aSEMEADURA
650 _aBIOCLIMATOLOGIA
650 _aMATURACAO
650 _aFOTOPERIODISMO
650 _aACLIMATACAO
773 0 _tResultados de pesquisa apresentados na 12. Reuniao Nacional de Pesquisa de Trigo
_wF60 BR8205974
_gPasso Fundo, RS (Brasil), 1982. p. 306-313
909 _a202404
_bLucia
_c55
_dLucia Elande
942 _cAM
_2AGRIS
999 _c315527
_d315527